[Event "25th Dortmund Meeting"]
[Site "Dortmund GER"]
[Date "1997.07.06"]
[Round "3"]
[White "Hubner, Robert"]
[Black "Karpov, Anatoly"]
[WhiteElo "2580"]
[BlackElo "2745"]
[Result "1/2-1/2"]
[EventDate "1997.07.04"]
[PlyCount "70"]

1.e4 c6 2.d4 d5 3.e5 Bf5 4.Nf3 e6 5.Be2 Ne7 6.O-O c5 7.dxc5 Nec6 8.Be3 Nd7
9.c4 dxc4 10.Na3 Bxc5 11.Bxc5 Nxc5 12.Nxc4 O-O 13.Qc1 Qe7 14.Qe3 Rad8 15.
Rad1 Bg6 16.a3 Rd5 17.Nd4 Nxd4 18.Rxd4 Rxd4 19.Qxd4 b6 20.b4 Rd8 21.Nd6 
Nb7 22.Rd1 f6 23.f4 fxe5 24.fxe5 Rf8 25.Bc4 Nd8 26.Qg4 Kh8 27.h3 Nc6 28.
Qxe6 Qxe6 29.Bxe6 Nxe5 30.Rd5 Nd3 31.Bg4 h5 32.Bd1 Nf4 33.Rd4 Kh7 34.Nb5 
Rf7 35.Nxa7 Rxa7 1/2-1/2

[Event "25th Dortmund Meeting"]
[Site "Dortmund GER"]
[Date "1997.07.10"]
[Round "6"]
[White "Karpov, Anatoly"]
[Black "Topalov, Veselin"]
[WhiteElo "2745"]
[BlackElo "2745"]
[Result "1/2-1/2"]
[EventDate "1997.07.04"]
[PlyCount "72"]

1.d4 Nf6 2.Nf3 g6 3.g3 d5 4.Bg2 c6 5.O-O Bg7 6.Nbd2 O-O 7.c4 Bf5 8.b3 Ne4 
9.Bb2 Nd7 10.Nh4 Nxd2 11.Qxd2 Be6 12.cxd5 cxd5 13.Qb4 Rb8 14.Rfc1 Re8 15.
e3 Bf8 16.Qa4 a6 17.Bc3 Nf6 18.Nf3 Bd7 19.Qa5 e6 20.Qxd8 Rexd8 21.a4 Ne4 
22.Ba5 b6 23.Be1 Rdc8 24.Ne5 Be8 25.f3 Nd6 26.g4 a5 27.Nd3 Rxc1 28.Rxc1 
Rc8 29.Rxc8 Nxc8 30.Kf2 Ne7 31.Bf1 Nc6 32.Bc3 g5 33.e4 f6 34.exd5 exd5 35.
f4 Nb4 36.Bxb4 Bxb4 1/2-1/2

[Event "25th Dortmund Meeting"]
[Site "Dortmund GER"]
[Date "1997.07.11"]
[Round "7"]
[White "Short, Nigel D"]
[Black "Karpov, Anatoly"]
[WhiteElo "2660"]
[BlackElo "2745"]
[Result "1-0"]
[EventDate "1997.07.04"]
[PlyCount "88"]

1.d4 Nf6 2.c4 e6 3.Nc3 Bb4 4.Qc2 O-O 5.e4 d6 6.a3 Bxc3+ 7.bxc3 e5 8.Bd3 
Nc6 9.Ne2 b6 10.O-O Ba6 11.f4 Nd7 12.Be3 Na5 13.c5 Bc4 14.cxd6 cxd6 15.Ng3
Qc7 16.Nf5 Kh8 17.Rf3 Rac8 18.Raf1 f6 19.Bf2 b5 20.Bg3 a6 21.h4 Bf7 22.Be1
Nb6 23.Qf2 Nac4 24.Rg3 g6 25.Nh6 Be6 26.f5 gxf5 27.Nxf5 Rg8 28.Nxd6 Rcf8 
29.Rxg8+ Kxg8 30.Nf5 Qd7 31.Qg3+ Kh8 32.d5 Bxf5 33.Rxf5 Nd6 34.Rf1 Nbc4 
35.h5 Qg7 36.Qh4 Rg8 37.Qxf6 Ne3 38.Qxg7+ Kxg7 39.Rf3 Nec4 40.Bh4 Kh6 41.
Be7 Kxh5 42.Rf6 Rg6 43.Rf5+ Nxf5 44.exf5 Rg4 1-0

[Event "25th Dortmund Meeting"]
[Site "Dortmund GER"]
[Date "1997.07.13"]
[Round "9"]
[White "Gelfand, Boris"]
[Black "Hubner, Robert"]
[WhiteElo "2695"]
[BlackElo "2580"]
[Result "1/2-1/2"]
[EventDate "1997.07.04"]
[PlyCount "55"]

1.d4 d5 2.Nf3 e6 3.c4 dxc4 4.e3 Nf6 5.Bxc4 c5 6.O-O a6 7.Bd3 cxd4 8.exd4 
Be7 9.Ne5 Nc6 10.Nxc6 bxc6 11.Be3 O-O 12.Qc2 Qc7 13.Nd2 g6 14.Rac1 Bb7 15.
Ne4 Nd5 16.a3 a5 17.Rfd1 Rfb8 18.Bc4 Nxe3 19.fxe3 Ba6 20.Ba2 Rb5 21.Nc3 
Rh5 22.g3 Rb8 23.Qf2 Qb7 24.Rd2 c5 25.d5 Rf5 26.Qg2 Bg5 27.Re1 exd5 28.
Nxd5 1/2-1/2